Sports Quiz

Random Sports Quiz

Trish Stratus Opponents 2004-present Quiz Stats

 Plays Quiz not verified by Sporcle

Score 0/138 Timer 10:00
0 Plays Today
Date Opponent % Correct
04/05/04Lita
98.6%
04/12/04Lita
98.6%
05/17/04Lita
98.6%
06/13/04Lita
98.6%
06/14/04Lita
98.6%
11/14/04Lita
98.6%
11/22/04Lita
98.6%
11/29/04Lita
98.6%
12/06/04Lita
98.6%
01/09/05Lita
98.6%
08/07/06Lita
98.6%
09/04/06Lita
98.6%
09/17/06Lita
98.6%
06/13/04Victoria
93.7%
06/21/04Victoria
93.7%
08/30/04Victoria
93.7%
09/12/04Victoria
93.7%
09/20/04Victoria
93.7%
10/18/04Victoria
93.7%
10/19/04Victoria
93.7%
11/29/04Victoria
93.7%
12/13/04Victoria
93.7%
12/27/04Victoria
93.7%
01/03/05Victoria
93.7%
02/21/05Victoria
93.7%
04/11/05Victoria
93.7%
09/18/05Victoria
93.7%
09/26/05Victoria
93.7%
10/03/05Victoria
93.7%
10/10/05Victoria
93.7%
10/17/05Victoria
93.7%
11/01/05Victoria
93.7%
11/07/05Victoria
93.7%
11/13/05Victoria
93.7%
11/28/05Victoria
93.7%
01/16/06Victoria
93.7%
01/23/06Victoria
93.7%
03/13/06Victoria
93.7%
03/18/06Victoria
93.7%
03/27/06Victoria
93.7%
07/17/06Victoria
93.7%
08/21/06Victoria
93.7%
11/01/05Mickie James
93%
11/13/05Mickie James
93%
01/08/06Mickie James
93%
04/02/06Mickie James
93%
Date Opponent % Correct
04/03/06Mickie James
93%
04/30/06Mickie James
93%
06/26/06Mickie James
93%
07/17/06Mickie James
93%
07/31/06Mickie James
93%
08/07/06Mickie James
93%
09/11/06Mickie James
93%
01/12/04Jazz
89.4%
02/16/04Jazz
89.4%
04/05/04Jazz
89.4%
10/19/04Jazz
89.4%
03/21/11Michelle McCool
88.7%
04/03/11Michelle McCool
88.7%
09/18/05Torrie Wilson
88%
09/19/05Torrie Wilson
88%
10/03/05Torrie Wilson
88%
10/17/05Torrie Wilson
88%
11/28/05Torrie Wilson
88%
01/16/06Torrie Wilson
88%
11/13/05Melina
85.9%
11/27/05Melina
85.9%
07/10/06Melina
85.9%
07/15/06Melina
85.9%
03/21/11Layla
85.9%
04/03/11Layla
85.9%
01/12/04Molly Holly
85.2%
02/09/04Molly Holly
85.2%
02/16/04Molly Holly
85.2%
04/05/04Molly Holly
85.2%
10/19/04Molly Holly
85.2%
11/22/04Molly Holly
85.2%
01/10/05Molly Holly
85.2%
02/21/05Molly Holly
85.2%
10/03/05Candice Michelle
82.4%
10/17/05Candice Michelle
82.4%
11/01/05Candice Michelle
82.4%
11/07/05Candice Michelle
82.4%
11/13/05Candice Michelle
82.4%
11/28/05Candice Michelle
82.4%
12/09/05Candice Michelle
82.4%
01/16/06Candice Michelle
82.4%
01/23/06Candice Michelle
82.4%
01/27/06Candice Michelle
82.4%
03/18/06Candice Michelle
82.4%
03/27/06Candice Michelle
82.4%
04/03/06Candice Michelle
82.4%
Date Opponent % Correct
07/31/06Candice Michelle
82.4%
04/05/04Stacy Keibler
81.7%
04/18/04Chris Jericho
81.7%
09/20/04Stacy Keibler
81.7%
10/11/04Stacy Keibler
81.7%
10/18/04Stacy Keibler
81.7%
10/19/04Stacy Keibler
81.7%
09/14/09Chris Jericho
81.7%
04/05/04Gail Kim
81%
06/13/04Gail Kim
81%
10/19/04Gail Kim
81%
12/22/08Beth Phoenix
81%
09/14/09Beth Phoenix
81%
03/28/05Christy Hemme
78.9%
04/03/05Christy Hemme
78.9%
04/04/05Christy Hemme
78.9%
04/11/05Christy Hemme
78.9%
11/01/05Ashley
76.8%
11/13/05Ashley
76.8%
01/09/06Ashley
76.8%
03/21/11Dolph Ziggler
76.8%
04/03/11Dolph Ziggler
76.8%
04/04/11Dolph Ziggler
76.8%
11/01/05Maria
73.9%
11/13/05Maria
73.9%
12/09/05Maria
73.9%
03/14/11Vickie Guerrero
73.2%
03/21/11Vickie Guerrero
73.2%
04/04/11Vickie Guerrero
73.2%
02/23/04Christian
72.5%
04/05/04Nidia
70.4%
05/24/04Nidia
70.4%
08/30/04Nidia
70.4%
09/06/04Nidia
70.4%
10/18/04Nidia
70.4%
10/19/04Nidia
70.4%
12/22/08Santino Marella
67.6%
08/07/06Edge
60.6%
09/04/06Edge
60.6%
07/15/06Johnny Nitro
58.5%
09/14/09Big Show
56.3%
02/02/04Kane
55.6%
02/09/04Matt Hardy
54.9%
06/14/04Matt Hardy
54.9%
09/04/06Randy Orton
54.2%
11/13/05Jillian Hall
50.7%

You're not logged in!

Compare scores with friends on all Sporcle quizzes.
OR
Log In

Show Comments

Extras

Top Quizzes Today


Score Distribution

Your Account Isn't Verified!

In order to create a playlist on Sporcle, you need to verify the email address you used during registration. Go to your Sporcle Settings to finish the process.

Report this User

Report this user for behavior that violates our Community Guidelines.

Details: